Statystyki dla 100 najlepszych środkowych obrońców w EA FC 24

Kliknij tutaj aby rozwiązać quiz!

Ogólne statystyki

  • Ten quiz został rozwiązany 49 razy
  • Średni wynik to 56 z 100

Statystyki odpowiedzi

OverallKlubNarodowośćZawodnik% Poprawnych
89LiverpoolHolandiaVirgil van Dijk
100%
89Manchester CityPortugaliaRuben Dias
98%
86FC BarcelonaUrugwajRonald Araujo
93%
86Real MadrytBrazyliaEder Militao
90%
85Manchester UnitedFrancjaRaphael Varane
90%
85Real MadrytAustriaDavid Alaba
88%
85Inter MediolanWłochyAlessandro Bastoni
85%
85Real MadrytNiemcyAntonio Rudiger
85%
84AC MilanAngliaFikayo Tomori
85%
85Manchester CityAngliaJohn Stones
85%
84BayernKorea Płd.Kim Min-jae
85%
84JuventusBrazyliaBremer
83%
84ArsenalBrazyliaGabriel
83%
82FC BarcelonaHiszpaniaInigo Martinez
83%
85FC BarcelonaFrancjaJules Kounde
83%
84Manchester UnitedArgentynaLisandro Martinez
83%
86BayernHolandiaMatthijs de Ligt
83%
84PSGSłowacjaMilan Skriniar
83%
83ArsenalFrancjaWilliam Saliba
83%
84RomaAngliaChris Smalling
80%
87PSGBrazyliaMarquinhos
80%
84ChelseaBrazyliaThiago Silva
80%
83FC BarcelonaDaniaAndreas Christensen
78%
85Al-NassrHiszpaniaAymeric Laporte
78%
81LiverpoolFrancjaIbrahima Konate
78%
84Al-HilalSenegalKalidou Koulibaly
78%
83Aston VillaHiszpaniaPau Torres
78%
82PSGFrancjaPresnel Kimpembe
78%
83Atletico MadrytUrugwajJose Maria Gimenez
76%
82Manchester CityChorwacjaJosko Gvardiol
76%
82Manchester CitySzwajcariaManuel Akanji
76%
84Borussia DortmundNiemcyNiklas Sule
76%
84PSGFrancjaLucas Hernandez
73%
82BenficaArgentynaNicolas Otamendi
73%
82BayernFrancjaDayot Upamecano
71%
81Manchester CityHolandiaNathan Ake
71%
80Manchester UnitedSzwecjaVictor Lindelof
71%
82TottenhamArgentynaChristian Romero
68%
83Borussia DortmundNiemcyMats Hummels
68%
83Real MadrytHiszpaniaNacho Fernandez
68%
83RB LipskWęgryWilli Orban
68%
81Aston VillaBrazyliaDiego Carlos
66%
80LiverpoolKamerunJoel Matip
66%
82Atletico MadrytCzarnogóraStefan Savić
66%
82NewcastleSzwajcariaFabian Schar
63%
83Inter MediolanWłochyFrancesco Acerbi
63%
84FreiburgNiemcyMathias Ginter
63%
81NapoliKosowoAmir Rrahmani
61%
81AC MilanDaniaSimon Kjaer
61%
81JuventusBrazyliaDanilo
59%
81Bayer LeverkusenBurkina FasoEdmond Tapsoba
59%
80Los Angeles FCWłochyGiorgio Chiellini
59%
79LiverpoolAngliaJoe Gomez
59%
80Union BerlinWłochyLeonardo Bonucci
59%
81FC PortoPortugaliaPepe
59%
81Sporting LizbonaUrugwajSebastian Coates
59%
83RomaWłochyGianluca Mancini
56%
82Atletico MadrytHiszpaniaMario Hermoso
54%
82Inter MediolanHolandiaStefan de Vrij
54%
79ArsenalHolandiaJurrien Timber
51%
83Borussia DortmundNiemcyNico Schlotterbeck
51%
83LazioWłochyAlessio Romagnoli
49%
83Inter MediolanFrancjaBenjamin Pavard
49%
80LensArgentynaFacundo Medina
46%
79AnderlechtBelgiaJan Vertonghen
46%
79West HamFrancjaKurt Zouma
46%
81BrightonAngliaLewis Dunk
46%
81AntwerpBelgiaToby Alderweireld
46%
79Aston VillaAngliaEzri Konsa
44%
81Bayer LeverkusenNiemcyJonathan Tah
44%
80LensAustriaKevin Danso
44%
79Bayer LeverkusenEkwadorPiero Hincapie
41%
82OsasunaHiszpaniaDavid Garcia
37%
80FeyenoordSłowacjaDavid Hancko
37%
81VillarrealHiszpaniaRaul Albiol
37%
82Real SociedadHiszpaniaRobin Le Normand
37%
80Olympique MarsyliaDemokratyczna Republika KongaChancel Mbemba
34%
80SevillaSerbiaNemanja Gudelj
34%
80Al-IttihadWłochyLuiz Felipe
32%
79RB LipskNiemcyLukas Klostermann
32%
79OGC NiceFrancjaJean-Clair Todibo
29%
79RB LipskFrancjaMohamed Simakan
29%
79AjaxChorwacjaJosip Sutalo
27%
80AtalantaWłochyRafael Toloi
27%
80Al-AhliBrazyliaRoger Ibanez
27%
79LilleFrancjaSamuel Umtiti
27%
79Sporting LizbonaPortugaliaGoncalo Inacio
24%
79EvertonAngliaJames Tarkowski
24%
79Celta VigoGhanaJoseph Aidoo
24%
80Inter MediolanWłochyMatteo Darmian
20%
79FeyenoordAustriaGernot Trauner
17%
79TorinoHolandiaPerr Schuurs
17%
79Bristol CityJamajkaEthan Pinnock
15%
79Sporting LizbonaBrazyliaMatheus Reis
15%
80Real SociedadHiszpaniaAritz Elustondo
12%
83Olympique LyonFrancjaGriedge Mbock
10%
80Real SociedadHiszpaniaIgor Zubeldia
10%
79LazioWłochyNicolo Casale
10%
81Athletic BilbaoHiszpaniaYeray
7%
79Athletic BilbaoHiszpaniaDani Vivian
2%

Rozkład punktacji

Percentyl według liczby udzielonych odpowiedzi

Procent ludzi z każdym wynikiem

Twoja historia wyników

Nie rozwiązałeś tego quizu